000 00442 a2200121 4500
001 ART_26505
005 20260410161940.0
008 260409a
245 1 0 _aLa privatización de SOMISA y su impacto en la producción y el empleo en San Nicolás
100 1 _aRofman, Alejandro B.
700 1 _aPeñalva, Susana
773 0 _tCiclos en la historia, la economía y la sociedad
_g- Vol. V, Nº 8 (ene./jun. 1995)
_wREV26321
999 _c29408
_d29408